La Révolution française et l'histoire du monde : Deux siècles de débats historiques et politiques 1815-1991 (notice n° 2198603)

détails MARC
000 -LEADER
fixed length control field 01369cam a2200133 4500500
005 - DATE AND TIME OF LATEST TRANSACTION
control field 20260405085551.0
041 ## - LANGUAGE CODE
Language code of text/sound track or separate title fre
042 ## - AUTHENTICATION CODE
Authentication code dc
100 10 - MAIN ENTRY--PERSONAL NAME
Personal name Ducange, Jean-Numa
Relator term author
245 00 - TITLE STATEMENT
Title La Révolution française et l'histoire du monde : Deux siècles de débats historiques et politiques 1815-1991
260 ## - PUBLICATION, DISTRIBUTION, ETC.
Name of publisher, distributor, etc. Armand Colin,<br/>
Date of publication, distribution, etc. 2014.<br/>
520 ## - SUMMARY, ETC.
Summary, etc. Depuis 1815, la question n’a cessé de hanter des générations d’historiens et responsables politiques à l’échelle internationale : comment écrire l’histoire de la Révolution française ? Au XIXe siècle, elle fascine et suscite la critique des révolutionnaires français mais aussi allemands, italiens, latino-américains et russes. Au XXe siècle avec la révolution de 1917 et le mouvement anticolonial, elle devient la référence obligée de toute réflexion sur un processus révolutionnaire. En parallèle, un mouvement vers une écriture scientifique des événements se fait jour, des États-Unis au Japon. Référence inscrite dans le « grand récit » hexagonal, la Révolution suscita ainsi une réception mondiale, où histoire et politique furent souvent liés. C’est de ce mouvement complexe dont cette synthèse entend rendre compte.
856 41 - ELECTRONIC LOCATION AND ACCESS
Uniform Resource Identifier <a href="https://shs.cairn.info/La-revolution-francaise-et-l-histoire-du-monde--9782200257699?lang=fr&redirect-ssocas=7080">https://shs.cairn.info/La-revolution-francaise-et-l-histoire-du-monde--9782200257699?lang=fr&redirect-ssocas=7080</a>

Pas d'exemplaire disponible.

PLUDOC

PLUDOC est la plateforme unique et centralisée de gestion des bibliothèques physiques et numériques de Guinée administré par le CEDUST. Elle est la plus grande base de données de ressources documentaires pour les Étudiants, Enseignants chercheurs et Chercheurs de Guinée.

Adresse

627 919 101/664 919 101

25 boulevard du commerce
Kaloum, Conakry, Guinée

Réseaux sociaux

Powered by Netsen Group @ 2025